| 000 | 00545nam a2200181Ia 4500 | ||
|---|---|---|---|
| 003 | SGT | ||
| 020 | _a9788122425642 | ||
| 082 |
_a621.381 _bCHA |
||
| 100 | _aChauhan,D.S | ||
| 245 | _aElectronics engineering | ||
| 250 | _a2nd Ed. | ||
| 260 |
_bNew Age International Publication _aNew Delhi _c2009 |
||
| 300 | _a394p. | ||
| 650 | _aELECTRONICS ENGINEERING | ||
| 653 | _aINTRODUCTION TO ELECTRONICS,JUNCTION DIODES,DIODE APPLICATION , BREAKDOWN DIODES, BIPOLAR JUNCTION TRANSISTORS (BJTS) | ||
| 700 | _aKulshreshtha,D.C | ||
| 942 |
_2ddc _cBK _02 |
||
| 999 |
_c4957 _d4957 |
||